Factoring y franchising (Registro nro. 5477)

Detalles MARC
000 -LEADER
fixed length control field 02042 a2200205 4500
001 - CONTROL NUMBER
control field 54308
005 - DATE AND TIME OF LATEST TRANSACTION
control field 20260407155814.0
008 - FIXED-LENGTH DATA ELEMENTS--GENERAL INFORMATION
fixed length control field 260407a1990 arg spa d
003 - CONTROL NUMBER IDENTIFIER
control field AR-UNSa-BCEJYS
040 ## - CATALOGING SOURCE
Original cataloging agency AR-UNSa-BCEJYS
Language of cataloging spa
Transcribing agency AR-UNSa-BCEJYS
080 ## - UNIVERSAL DECIMAL CLASSIFICATION NUMBER
Universal Decimal Classification number 339.18
Common auxiliary subdivision Aspectos económicos del comercio. Términos y condiciones de los negocios. Formas de intercambio y distribución de productos (Franquicia...)
041 ## - LANGUAGE CODE
Language code of text/sound track or separate title spa
100 1# - MAIN ENTRY--PERSONAL NAME
Personal name Bescós Torres, Modesto
245 10 - TITLE STATEMENT
Title Factoring y franchising
Name of part/section of a work nuevas técnicas de dominio de los mercados exteriores
264 #1 - PRODUCTION, PUBLICATION, DISTRIBUTION, MANUFACTURE, AND COPYRIGHT NOTICE
Place of production, publication, distribution, manufacture Madrid :
Name of producer, publisher, distributor, manufacturer Ediciones Pirámide
Date of production, publication, distribution, manufacture, or copyright notice 1990
300 ## - PHYSICAL DESCRIPTION
Extent 263 p.
Dimensions 22 cm.
505 ## - FORMATTED CONTENTS NOTE
Formatted contents note 1. Los orígenes comerciales del factoring - 2. La moderna técnica del factoring - 3. El factoring para la empresa en un entorno internacional - 4. Sistemas de factoring - 5. Los costos de la utilizacioón del factoring - 6. Panorama internacional del factoring - 7. Panorama del factoring en España - 8. Semejanzas del factoring con el franchising - 9. El poder de atracción de la franquicia - 10. Razones de su éxito en el comercio - 11. Las grandes mutuaciones modernas en el comercio - 12. Evolución en los establecimientos comerciales de la inversión y tamaños óptimos - 13. Lugar de la franquicia en el espectro comercial - 14. Ciclos de vida y franquicia - 15. La alternativa en un escenario altamente competitivo - 16. Los atractivos y problemas de una cadena de franquicia - 17. La estrategia global - 18. La implantación de establecimientos. Equipamientos y técnicas avanzadas - 19. La franquicia de exportación. Una técnica para invadir mercados - 20. El contrato internacional de franquicia - 21. Panorama sectorial de la franquicia en el mundo - 22. La franquicia en el sector alimentario - 23. El fast food y la restauración rápida en franquicia - 24. La franquicia internacional en el sector equipamiento personal y moda - 25. La franquicia en España - 26. La franquicia sin fronteras
590 ## - LOCAL NOTE (RLIN)
Local note niveau_biblio:m niveau_hierar:0
942 ## - ADDED ENTRY ELEMENTS (KOHA)
Koha item type
Existencias
Withdrawn status Lost status Damaged status Not for loan Home library Current library Shelving location Date acquired Total checkouts Full call number Barcode Date last seen Price effective from Koha item type
        Biblioteca Prof. Eusebio Cleto del Rey Biblioteca Prof. Eusebio Cleto del Rey   07/04/2026   339.18 B554 L53854 07/04/2026 07/04/2026 Libro